Kết luận số 02-KL/TW của bộ chính trị về tình hình kinh tế - xã hội năm 2011 /

Đã lưu trong:
Sonraí Bibleagrafaíochta
Formáid: Bài viết
Teanga:Vietnamese
Ábhair:
Clibeanna: Cuir Clib Leis
Gan Chlibeanna, Bí ar an gcéad duine leis an taifead seo a chlibeáil!
Thư viện lưu trữ: Thư viện Trường Đại học Đà Lạt
LEADER 00781nam a2200253 4500
001 DLU120140982
005 ##20120919
040 # # |a DLU  |b vie 
041 # # |a vie 
044 # # |a vn 
245 # # |a Kết luận số 02-KL/TW của bộ chính trị về tình hình kinh tế - xã hội năm 2011 /  |c Tạp chí Cộng sản. 
653 # # |a Chính sách tài chính 
653 # # |a Lạm phát 
653 # # |a Tăng trưởng kinh tế 
773 # # |t Tạp chí Cộng sản  |g Số 4(822), 2011, tr. 6-9 
920 # # |a Phòng Tạp chí -- Trung tâm Thông tin - Thư viện Trường Đại học Đà Lạt 
994 # # |a DLU 
900 # # |a True 
911 # # |a Nguyễn Thị Linh Chi 
925 # # |a G 
926 # # |a A 
927 # # |a BB 
980 # # |a Thư viện Trường Đại học Đà Lạt